[Event "Olympiad Women 2024"]
[Site "Budapest HUN"]
[Date "2024.09.16"]
[Round "6.49"]
[Board "1"]
[White "Nahed Galab"]
[Black "Castillo Beitia, Ashley Alexandra"]
[Result "0-1"]
[WhiteElo "1693"]
[BlackElo "2071"]
[PlyCount "86"]
[EventDate "2024.09.11"]
[WhiteTeam "Sudan"]
[BlackTeam "Panama"]
[WhiteTeamCountry "SUD"]
[BlackTeamCountry "PAN"]

1. Nf3 d5 2. d4 c6 3. g3 Nf6 4. Bg2 Bf5 5. c4 e6 6. O-O Be7 7. Nc3 Ne4 8. cxd5 exd5 9. Nd2 ({RR} 9. Qb3 Qb6 10. Qxb6 axb6 11. Nxe4 Bxe4 12. Bf4 Nd7 13. h4 b5 14. Rfe1 O-O 15. Bh3 Nb6 16. Ne5 Nc4 17. Nxc4 bxc4 18. h5 h6 19. f3 Bh7 20. e4 Bb4 21. Re2 Rfd8 22. e5 c3 23. Bc1 c5 {0-1 Mena,M (1971)-Denisenko,D (1989) Titled Tue 16th Apr Late 2024 (5)}) 9... Nxd2 10. Qxd2 O-O 11. e4 $146 ({RR} 11. a3 Nd7 12. f3 Bg6 13. e4 dxe4 14. fxe4 Qb6 15. Kh1 Rad8 16. Qf2 Nf6 17. Rd1 Bh5 18. Rd3 Ng4 19. Qg1 Ne5 20. Nd5 Rxd5 21. exd5 Nxd3 22. dxc6 Nxc1 23. Rxc1 bxc6 24. b4 Bf6 25. Rc5 Bg6 {0-1 Babos,Z (1953)-Buzeti,J (2199) HUN-chT2 Szechenyi 0809 2008 (1.4)}) ({RR} 11. b3 Bf6 12. Bb2 Nd7 13. e4 dxe4 14. Nxe4 Be7 15. Qc3 Nf6 16. Nc5 Rb8 17. Rad1 Nd5 18. Qd2 Re8 19. a3 Qc8 20. Rfe1 Bh3 21. Bh1 Bg4 22. f3 Bh5 23. g4 Bg6 24. h3 Qc7 25. Re5 Bd6 {1-0 Chiadthaisong,K (1183)-Kaewwattha,N (1179) THA-ch (Women) 2021 (6)}) 11... dxe4 12. Nxe4 Na6 13. a3 Qd7 14. Qc3 Bh3 15. b4 Bxg2 16. Kxg2 Qd5 17. f3 Nc7 18. Bb2 Rad8 19. Rad1 f5 20. Nf2 Bf6 21. Qc5 Qxc5 22. bxc5 Rf7 23. Rd3 Rfd7 24. Rfd1 Kf7 25. a4 Ne6 26. Ba1 Bxd4 27. Bxd4 Rxd4 28. Rxd4 Rxd4 29. Rxd4 Nxd4 30. Nd3 Ke6 31. Kf2 Kd5 32. Ke3 Ne6 33. h4 Nxc5 34. Nf4+ Ke5 35. a5 Ne6 36. Ne2 g6 37. Nc3 f4+ 38. gxf4+ Nxf4 39. Kf2 Kd4 40. Ne4 b5 41. axb6 axb6 42. Kg3 Ne6 43. Nf6 b5 0-1

[Event "Olympiad Women 2024"]
[Site "Budapest HUN"]
[Date "2024.09.16"]
[Round "6.49"]
[Board "2"]
[White "Chung Hurtado, Yaleika"]
[Black "Ibtihal Osman"]
[Result "0-1"]
[WhiteElo "1832"]
[BlackElo "1626"]
[PlyCount "84"]
[EventDate "2024.09.11"]
[WhiteTeam "Panama"]
[BlackTeam "Sudan"]
[WhiteTeamCountry "PAN"]
[BlackTeamCountry "SUD"]

1. d4 c5 2. d5 d6 3. c4 g6 4. Nc3 Bg7 5. Nf3 Nf6 6. e4 Ng4 ({RR} 6... e6 7. h3 exd5 8. cxd5 a6 9. a4 Nbd7 10. Bd3 Nh5 11. O-O Ne5 12. Be2 Nxf3+ 13. Bxf3 Qh4 14. Ra3 Be5 15. Re1 Nf6 16. Ne2 Rg8 17. g3 Qxh3 18. Bg2 Qh5 19. f4 Ng4 20. fxe5 Qh2+ 21. Kf1 {1-0 Holt,C (2469)-Banawa,J (2368) USA tt ICC INT 2011 (7)}) 7. h3 ({RR} 7. Be2 Ne5 8. O-O O-O 9. Nxe5 Bxe5 10. Be3 Nd7 11. f4 Bg7 12. Qc2 b6 13. Rad1 a6 14. a4 f5 15. exf5 Rxf5 16. Bg4 Rf8 17. Be6+ Kh8 18. Ne4 Nf6 19. Ng5 Ng4 20. Qe2 Nxe3 21. Qxe3 Qe8 {1-0 Correa,D (1595)-Ramirez,A (1636) American Continental 13th 2017 (10)}) 7... Ne5 8. Nxe5 dxe5 $146 ({RR} 8... Bxe5 9. Bh6 e6 10. Qd2 a6 11. Bd3 Rg8 12. Be3 exd5 13. exd5 f5 14. O-O Kf7 15. Rae1 Qh4 16. f4 Bg7 17. Bf2 Qd8 18. Ne2 Nd7 19. b4 b6 20. Kh1 Nf6 21. Ng1 Bd7 22. Nf3 h6 23. Re2 {0-1 Southam,D (2168)-Moysoski,R (1886) Scarborough CC-ch Reserves op 2010 (8)}) 9. Be3 b6 10. Qd2 O-O 11. Bh6 Nd7 12. Be2 Nf6 13. h4 Bg4 14. f3 Bc8 15. g4 e6 16. Bxg7 Kxg7 17. h5 Rh8 18. O-O-O exd5 19. cxd5 Rb8 20. Rh2 Bd7 21. Rdh1 Qc7 22. d6 Qb7 23. Qg5 h6 24. Qxe5 Rbe8 25. Qg3 g5 26. Bc4 b5 27. Bd5 Qa6 28. Rd1 b4 29. Nb1 Nxd5 30. Rxd5 Re6 31. a3 Rc8 32. Rhd2 Qf1+ 33. Rd1 Qc4+ 34. Kd2 Qb3 35. Ke1 Rxe4+ 36. Kf1 Bb5+ 37. Kg1 Re2 38. d7 Rd8 39. R5d2 Qe3+ 40. Kh1 Rxd7 41. Rxd7 Bxd7 42. Rxd7 Qc1+ 0-1

[Event "Olympiad Women 2024"]
[Site "Budapest HUN"]
[Date "2024.09.16"]
[Round "6.49"]
[Board "3"]
[White "Sabreen Oraby"]
[Black "Vasquez Jaen, Lourdes Lorena"]
[Result "1/2-1/2"]
[WhiteElo "1812"]
[BlackElo "1821"]
[PlyCount "87"]
[EventDate "2024.09.11"]
[WhiteTeam "Sudan"]
[BlackTeam "Panama"]
[WhiteTeamCountry "SUD"]
[BlackTeamCountry "PAN"]

1. c4 e5 2. g3 Nc6 3. Bg2 Bc5 4. e3 a6 5. Nc3 d6 6. Nge2 Ba7 7. O-O h5 8. d4 h4 9. b4 ({RR} 9. Bxc6+ bxc6 10. dxe5 Bh3 11. Re1 dxe5 12. Qxd8+ Rxd8 13. b3 Nf6 14. Ba3 Ng4 15. Rad1 hxg3 16. Nxg3 Rxd1 17. Nxd1 g6 18. c5 f5 19. b4 e4 20. Nb2 Ne5 21. Rc1 Nf3+ 22. Kh1 Bg4 23. Nf1 Ne5 {1-0 Pragnya H G (1900)-Alahakoon,I (1886) Titled Tue 2nd Apr Early 2024 (5)}) 9... hxg3 10. fxg3 Bh3 $146 ({RR} 10... Bg4 11. b5 Nxd4 12. bxa6 Nxe2+ 13. Nxe2 bxa6 14. Bc6+ Kf8 15. Qd3 Nf6 16. Nc3 Bh3 17. Rf3 Rb8 18. Ne4 Nxe4 19. Bxe4 Rh6 20. Ba3 Be6 21. Raf1 Kg8 22. Bd5 Qe7 23. c5 Rd8 24. Bxe6 Qxe6 25. Qxa6 {0-1 Mintenko,H (1824)-Ninov,D (2142) Golden Sands op-B 2015 (1)}) ({RR} 10... Nf6 11. b5 axb5 12. cxb5 Ne7 13. a4 Bh3 14. Bxh3 Rxh3 15. Kg2 Qc8 16. a5 Ng4 17. b6 Rxh2+ 18. Kg1 Bxb6 19. axb6 Rxa1 20. Nb5 Nxe3 21. Nxc7+ Kd8 22. Qb3 Rg2+ {0-1 Doeres,H (2206)-Lauer,M (2242) Landesliga Nord 0607 2006 (1.1)}) 11. b5 Nce7 12. bxa6 Qd7 13. Rf2 Bxg2 14. Kxg2 Nf6 15. axb7 Rb8 16. Qf1 Ng4 17. Rxf7 Nxh2 18. Qf2 Qh3+ 19. Kg1 Ng4 20. Rxe7+ Kxe7 21. Nd5+ Kd8 22. Qg2 Qxg2+ 23. Kxg2 Rxb7 24. Kf3 Nh2+ 25. Ke4 c6 26. Ndc3 exd4 27. exd4 Re7+ 28. Kd3 Nf3 29. Bf4 Rhe8 30. Rf1 Nh2 31. Rh1 Ng4 32. Rf1 Nh2 33. Rh1 Ng4 34. Rf1 Rf8 35. Rb1 Nf2+ 36. Kc2 Ne4 37. Nxe4 Rxe4 38. Kd3 Rfe8 39. Rb7 Rxe2 40. Rxa7 g6 41. a4 Ra2 42. Ra8+ Kd7 43. Rxe8 Kxe8 44. Bxd6 1/2-1/2

[Event "Olympiad Women 2024"]
[Site "Budapest HUN"]
[Date "2024.09.16"]
[Round "6.49"]
[Board "4"]
[White "Carrillo Marval, Maria Angelica"]
[Black "Rawan Mansor"]
[Result "1-0"]
[WhiteElo "1795"]
[BlackElo "1717"]
[PlyCount "115"]
[EventDate "2024.09.11"]
[WhiteTeam "Panama"]
[BlackTeam "Sudan"]
[WhiteTeamCountry "PAN"]
[BlackTeamCountry "SUD"]

1. e4 {ChessBase} c6 2. d4 d5 3. Nc3 dxe4 4. Nxe4 Bf5 5. Ng3 Bg6 6. Nf3 Nd7 7. h4 h6 8. h5 Bh7 9. Bd3 Bxd3 10. Qxd3 Ngf6 11. Bd2 e6 12. O-O-O c5 13. Rhe1 Be7 ({RR} 13... cxd4 14. Rxe6+ fxe6 ({RR} 14... Be7 15. Nf5 fxe6 16. Nxg7+) 15. Qg6+ Ke7 16. Bb4+) ({RR} 13... Qc7 14. d5 c4 15. Rxe6+ ({RR} 15. Qd4)) 14. dxc5 ({RR} 14. d5 Nxd5 ({RR} 14... O-O 15. d6) ({RR} 14... exd5 15. Nf5) ({RR} 14... c4 15. Qxc4 Nxd5 16. Nf5) 15. Rxe6 ({RR} 15. Nf5 N7f6 ({RR} 15... O-O 16. Nxe7+ Nxe7 ({RR} 16... Qxe7 17. Qxd5) 17. Bxh6 Nf6 18. Qa3 Qc7 19. Be3 b6 20. h6) 16. Nxg7+ ({RR} 16. Rxe6 fxe6 17. Nxg7+ Kd7 18. Ne5+ Kc8 19. Nxe6 Qe8 ({RR} 19... Qd6 20. Qf5 Kb8 21. Nf7 ({RR} 21. Bf4)) 20. Qf5 Qxh5) 16... Kf8 ({RR} 16... Kd7 17. Ne5+) 17. Nxe6+ fxe6 18. Qg6) 15... fxe6 16. Qg6+ Kf8 17. Qxe6 Nc7 ({RR} 17... N7f6 18. Ne5) ({RR} 17... N5f6 18. Nh4) 18. Qf5+ Nf6 19. Ne5 Qc8 20. Ng6+ ({RR} 20. Qf3) 20... Kf7 21. Nxh8+ Qxh8 22. Re1 ({RR} 22. Be3 Qh7 23. Qxh7 Nxh7 24. Rd7) 22... Re8 23. Qd3 ({RR} 23. Qf3 Bd6 24. Nf5 Rxe1+ 25. Bxe1 Qd8 26. Qxb7 Bf4+) 23... b5 ({RR} 23... Kf8 24. Nf5 Qg8 25. c4 ({RR} 25. Nxh6 Qxa2 ({RR} 25... gxh6)) 25... Qf7) 24. Nf5 Qh7 25. g4 a6 ({RR} 25... Bf8 26. Rxe8 Kxe8 27. Ba5 c4 28. Qe3+) 26. c4 Bf8 27. Rxe8 Kxe8 ({RR} 27... Nfxe8 28. Nxh6+) ({RR} 27... Ncxe8 28. cxb5 axb5 29. Qxb5 Nd6 30. Qb3+ c4 31. Nxd6+) 28. Qf3 ({RR} 28. Ba5 Ne6 ({RR} 28... bxc4 29. Qxc4 Ncd5 ({RR} 29... Nfd5 30. Bxc7 Nxc7 31. Qe4+ Kd7 32. Qd3+ Kc6 33. Ne7+ Bxe7 34. Qxh7) 30. Qxa6 Qg8 31. Qc6+ Kf7 32. Bd2 Be7 33. Bxh6) 29. cxb5 axb5 30. Qxb5+ Kf7 31. Qb7+ Kg8 32. Qb3) 28... Qg8 {0-1 Kavalek,L (2590)-Huebner,R (2595) Montreal International 1979 (5)}) ({RR} 14. Ne4 Nxe4 15. Qxe4 Qb6 16. Bc3 Nf6 17. Qd3 O-O-O 18. Qc4 Kb8 19. Ne5 Rhf8 20. g4 cxd4 21. Bxd4 Qa5 22. Qb3 Qb4 23. Qxb4 Bxb4 24. c3 Bd6 25. f3 Nd5 26. Nc4 Bf4+ 27. Kc2 b5 28. Na5 Kc7 {½-½ Papadiamandis,E (2335)-Mizzi,J (1986) Titled Tue 30th May Early 2023 (3)}) 14... Bxc5 $146 ({RR} 14... Nxc5 15. Qxd8+ Rxd8 16. Be3 Nd5 17. Bd4 O-O 18. Kb1 a5 19. Ne2 Rc8 20. a3 Rfd8 21. Nc1 Bf6 22. g3 b5 23. Nd3 Nxd3 24. Rxd3 Bxd4 25. Rxd4 b4 26. Red1 Rc7 27. axb4 axb4 28. Rxb4 Nc3+ 29. bxc3 {1-0 Buksa,N (2410)-Solozhenkina,E (2314) EU-ch blitz (Women) 2019 (4)}) ({RR} 14... Nxc5 15. Qe2 Qc7 16. Ne5 O-O 17. Bf4 Qa5 18. Kb1 Qb4 19. Bd2 Qb6 20. Bc3 Rfd8 21. Ng4 Nd5 22. Bd4 Qc7 23. Be5 Qb6 24. Qf3 Rac8 25. Bd4 Qc7 26. c4 Nb6 27. b3 a5 28. Qc3 Bf8 29. Be5 {1-0 Koziorowicz,M (2201)-Redzisz,M (2028) EU-ch U16 Bratislava 2019 (4)}) 15. Be3 Bxe3+ 16. Rxe3 O-O 17. Qe2 Qa5 18. Kb1 Nd5 19. Ra3 Qc7 20. Nd4 a6 21. Nxe6 fxe6 22. Qxe6+ Kh8 23. Qxd5 Nb6 24. Qa5 Rad8 25. Rxd8 Qxd8 26. Rd3 Qe8 27. b3 Nd7 28. Qd2 Nf6 29. Re3 Qc6 30. f3 Qc7 31. Ne4 Nxh5 32. Qd6 Qf7 33. Nc5 Nf4 34. Re7 Qh5 35. Rxb7 Ng6 36. Rb8 Rxb8 37. Qxb8+ Kh7 38. Nd3 Qh1+ 39. Kb2 Qxg2 40. Qb7 h5 41. Qe4 h4 42. Nf4 Qg3 43. Nxg6 Qxg6 44. Qxh4+ Kg8 45. Qd8+ Kh7 46. Qd3 Qxd3 47. cxd3 Kg6 48. Kc3 Kf5 49. Kd2 Kf4 50. Ke2 a5 51. a3 g6 52. b4 axb4 53. axb4 Ke5 54. Ke3 g5 55. b5 Kd5 56. d4 Kd6 57. Ke4 Ke6 58. b6 1-0

[Event "Olympiad Women 2024"]
[Site "Budapest HUN"]
[Date "2024.09.16"]
[Round "6.50"]
[Board "1"]
[White "Bantiwalu, Aster"]
[Black "Granados Ortiz, Maria Jose"]
[Result "1/2-1/2"]
[WhiteElo "1704"]
[BlackElo "1935"]
[PlyCount "141"]
[EventDate "2024.09.11"]
[WhiteTeam "Ethiopia"]
[BlackTeam "Nicaragua"]
[WhiteTeamCountry "ETH"]
[BlackTeamCountry "NCA"]

1. e4 Nf6 2. Nc3 d5 3. e5 Ne4 4. Nxe4 dxe4 5. d4 exd3 6. Bxd3 Nc6 7. f4 ({RR} 7. Nf3 Nb4 8. Bb5+ Bd7 9. Bxd7+ Qxd7 10. Bd2 e6 11. O-O Rd8 12. Qe2 Qc6 13. Rfd1 h6 14. c4 Be7 15. Bxb4 Rxd1+ 16. Rxd1 Bxb4 17. a3 Be7 18. b4 Qa4 19. Rd3 a5 20. Qe4 axb4 21. c5 Bxc5 {0-1 Wastney,S (2388)-Dive,R (2429) Wellington CC Autumn Cup-A 2012 (1)}) 7... e6 ({RR} 7... Nb4 8. Bb5+ c6 9. Qxd8+ Kxd8 10. Ba4 Bf5 11. Kd1 Kc7 12. a3 Rd8+ 13. Bd2 Nd5 14. Ke2 e6 15. Nf3 Bc5 16. b4 Be3 17. Bxe3 Nc3+ 18. Kf2 Nxa4 19. c4 Nb2 20. Bxa7 Nxc4 21. Rac1 Nxa3 22. Bc5 {0-1 Slavin,A (2364)-Assylov,M (2270) Titled Tue 19th Mar Early 2024 (2)}) ({RR} 7... Qd5 8. Qf3 Qxf3 9. Nxf3 e6 10. Be3 Bd7 11. a3 Ne7 12. c4 Nf5 13. Bd2 Bc6 14. b4 Rd8 15. Bc2 Nd4 16. Bd1 Be7 17. Rg1 Bxf3 18. gxf3 Bh4+ 19. Kf1 Nxf3 20. Bxf3 Rxd2 21. Rg2 Rd4 22. Rg4 {0-1 Rodriguez Guerrero,D (1406)-Granados Ortiz,M (1708) Managua Hurtado Memorial op 2021 (2)}) 8. Nf3 Bc5 9. Qe2 Bd7 $146 ({RR} 9... b6 10. Be3 Bxe3 11. Qxe3 Bb7 12. O-O-O Qe7 13. Rhg1 Nb4 14. Bb5+ c6 15. Bc4 b5 16. Bb3 a5 17. a4 bxa4 18. Bxa4 Nd5 19. Qd2 Qb4 20. Bb3 Qxf4 21. c4 Qxd2+ 22. Rxd2 Nf4 23. c5 O-O 24. g3 {0-1 Kobill,I-Sakada,C (1893) Parana-ch (Women) 2011 (3)}) ({RR} 9... Nb4 10. Be4 O-O 11. a3 Nc6 12. Bxh7+ Kh8 13. Be4 g6 14. c3 Kg7 15. Be3 Qe7 16. Rd1 Rb8 17. Qf2 Bxe3 18. Qxe3 Na5 19. Qxa7 Nc4 20. Qf2 Bd7 21. O-O Rh8 22. Rd4 Nb6 23. Ng5 Rh6 24. Rfd1 {1-0 Schmitzer,P (2135)-Theumer,L Bad Aibling op 46th 1997 (7)}) 10. Be3 Qe7 11. O-O Nb4 12. Bxc5 Qxc5+ 13. Kh1 Nd5 14. Ng5 h6 15. Ne4 Qb6 16. c3 O-O-O 17. a3 Bc6 18. c4 Ne3 19. Rf3 Nf5 20. c5 Qb3 21. Rh3 Qd5 22. b4 Nd4 23. Qf2 Qd7 24. Nc3 Nb5 25. Ne2 a6 26. a4 Nd4 27. b5 Nxb5 28. axb5 Bxb5 29. Bxb5 Qxb5 30. Nc3 Qc4 31. Rb1 Rd4 32. Qb2 Qxc5 33. Qxb7+ Kd7 34. Qxa6 Rxf4 35. Rd3+ Ke7 36. Rbd1 g5 37. Rd7+ Kf8 38. Qc8+ Kg7 39. Qxc7 Qxc7 40. Rxc7 Rd8 41. Ra1 Ra8 42. Re1 Ra5 43. h3 Rf5 44. Kh2 Raxe5 45. Rxe5 Rxe5 46. Kg3 Kg6 47. Kf3 f5 48. Ne2 g4+ 49. hxg4 fxg4+ 50. Kf2 h5 51. Rc6 h4 52. Rc8 Rf5+ 53. Ke1 h3 54. Rg8+ Kf7 55. Rxg4 hxg2 56. Rxg2 Kf6 57. Rg3 Rg5 58. Rf3+ Rf5 59. Re3 Re5 60. Rb3 Ke7 61. Kd2 Rd5+ 62. Ke3 Re5+ 63. Kf3 Rf5+ 64. Kg4 Kf6 65. Rb8 Rg5+ 66. Kh4 Re5 67. Nf4 Re4 68. Kg3 Ke5 69. Re8 Rxf4 70. Rxe6+ Kxe6 71. Kxf4 1/2-1/2

[Event "Olympiad Women 2024"]
[Site "Budapest HUN"]
[Date "2024.09.16"]
[Round "6.50"]
[Board "2"]
[White "Cabezas Calero, Abigail Carolina"]
[Black "Abera, Mekdes Demssie"]
[Result "1/2-1/2"]
[WhiteElo "1824"]
[BlackElo "1593"]
[PlyCount "114"]
[EventDate "2024.09.11"]
[WhiteTeam "Nicaragua"]
[BlackTeam "Ethiopia"]
[WhiteTeamCountry "NCA"]
[BlackTeamCountry "ETH"]

1. e4 c5 2. c3 e6 3. d4 d5 4. exd5 Qxd5 5. Nf3 Nf6 6. Be2 cxd4 7. cxd4 Nc6 ({RR} 7... Bb4+ 8. Nc3 O-O 9. O-O Qd8 10. Bg5 Be7 11. Ne5 Nc6 12. Nxc6 bxc6 13. Bf3 Rb8 14. Na4 Rb4 15. Be3 Nd5 16. a3 Rb8 17. Qd2 Nxe3 18. Qxe3 Ba6 19. Rfd1 Bc4 20. b4 a5 21. Qc3 Bb5 22. Nc5 {½-½ Heberla,B (2506)-Gajewski,G (2594) POL-ch 65th Lublin 2008 (13)}) 8. Nc3 Qd8 9. Bb5 $146 ({RR} 9. O-O a6 10. a3 Bd6 11. Be3 O-O 12. h3 b5 13. Bd3 Bb7 14. Qe2 Ne7 15. Ne5 Ng6 16. Rad1 Qc7 17. f4 Ne7 18. Bf2 Ned5 19. Nxd5 Bxd5 20. Kh1 Qb7 21. Rg1 Rad8 22. Bh4 Be7 23. Bb1 g6 {0-1 Kislinsky,A (2361)-Alcazar Jimenez,J (2147) Titled Tue 27th Feb Early 2024 (10)}) 9... a6 10. Be2 Bb4 11. O-O O-O 12. h3 Nd5 13. Bd2 b5 14. a4 Bxc3 15. bxc3 b4 16. c4 Nf6 17. Bg5 a5 18. d5 exd5 19. Bxf6 Qxf6 20. cxd5 Ne5 21. Nxe5 Qxe5 22. Bf3 Rd8 23. Re1 Qf6 24. Rc1 Ra7 25. Rc6 Qg5 26. Qd4 Re7 27. Rxe7 Qxe7 28. d6 Qe1+ 29. Kh2 Bb7 30. Qb6 Qe5+ 31. g3 Bxc6 32. Qxd8+ Qe8 33. Qc7 Bxa4 34. Qxa5 b3 35. Qb4 Qb5 36. Qd2 g6 37. Bd1 Qb6 38. Qb2 Qxd6 39. Bxb3 Bxb3 40. Qxb3 Qc6 41. Qb8+ Kg7 42. Qe5+ Qf6 43. Qe3 h5 44. Kg2 Qc6+ 45. Kg1 Qd5 46. h4 Qd1+ 47. Kh2 Qd6 48. Qg5 Qf6 49. Qe3 Qd6 50. Kg2 Qc6+ 51. Qf3 Qxf3+ 52. Kxf3 f6 53. Kf4 Kf7 54. f3 Kg7 55. Ke4 Kf7 56. g4 hxg4 57. fxg4 Kg7 1/2-1/2

[Event "Olympiad Women 2024"]
[Site "Budapest HUN"]
[Date "2024.09.16"]
[Round "6.50"]
[Board "3"]
[White "Teshome, Wubrist Bekele"]
[Black "Munoz Cortez, Anahi Alexandra"]
[Result "0-1"]
[WhiteElo "1614"]
[BlackElo "1868"]
[PlyCount "101"]
[EventDate "2024.09.11"]
[WhiteTeam "Ethiopia"]
[BlackTeam "Nicaragua"]
[WhiteTeamCountry "ETH"]
[BlackTeamCountry "NCA"]

1. e4 e6 2. Nf3 d5 3. e5 c5 4. d4 Nc6 5. Be3 Qb6 ({RR} 5... Nh6 6. dxc5 Nf5 7. Bf4 Bxc5 8. Bd3 h6 9. h4 Qb6 10. O-O Qxb2 11. Nbd2 Qb6 12. Rb1 Qc7 13. c4 Qe7 14. Bxf5 exf5 15. cxd5 Nb4 16. Nc4 O-O 17. Qd2 a5 18. Rfc1 b6 19. a3 Na6 20. Nxb6 {½-½ Freile Martin,J (2370)-Bhat,V (2431) Internet Section 08B g/8'+2" blitz 2004 (5)}) 6. dxc5 ({RR} 6. Nc3 Qxb2 7. Na4 Qb4+ 8. c3 Qa5 9. Bd2 Qc7 10. Bb5 a6 11. Bxc6+ Qxc6 12. Bf4 b5 13. Nxc5 Bxc5 14. dxc5 Qxc5 15. O-O b4 16. cxb4 Qxb4 17. Qc1 Bd7 18. Rb1 Qc4 19. Qxc4 dxc4 20. Ng5 h6 {½-½ Puszko,S-Kurzyniec,K POL-ch U08 Poland 2022 (1)}) 6... Bxc5 7. Bxc5 Qxc5 8. a3 $146 ({RR} 8. Nc3 Nge7 9. Bd3 Bd7 10. Nb5 O-O 11. O-O Ng6 12. Bxg6 fxg6 13. Nbd4 Nxd4 14. Nxd4 Rac8 15. Qd3 Rf4 16. Rad1 Qc4 17. b3 Qxd3 18. Rxd3 Re4 19. f4 g5 20. g3 gxf4 21. gxf4 Rf8 22. a4 Rexf4 {0-1 Klopstra,F-Roelofs,I (1407) NED-ch U15 Girls 2009 (4)}) ({RR} 8. Nbd2 Bd7 9. Nb3 Qb6 10. Qd2 Nge7 11. g4 O-O 12. Bd3 Ng6 13. Qc3 Rac8 14. Nc5 Rfd8 15. Nxd7 Rxd7 16. O-O-O Rdc7 17. a3 Na5 18. Qb4 Qxb4 19. axb4 Nc6 20. Bxg6 hxg6 21. b5 Nd8 22. Nd4 b6 {0-1 Ragnini,D-Cerusico,C Porto Sant Elpidio op 2000 (3)}) 8... Nge7 9. Bd3 Bd7 10. O-O Ng6 11. Re1 Qb6 12. b4 a5 13. bxa5 Rxa5 14. Nc3 Qb2 15. Nb5 Rxb5 16. Bxb5 Qxb5 17. Re3 Qc5 18. Rb1 Na5 19. Nd4 Nc4 20. Reb3 b6 21. Nf3 O-O 22. Nd2 Ngxe5 23. Nxc4 Nxc4 24. Rc3 Rc8 25. Rb4 Qe7 26. Qd4 Qf6 27. Qxf6 gxf6 28. h4 Ra8 29. Rg3+ Kh8 30. h5 h6 31. Rbb3 Ba4 32. Rbc3 Rg8 33. Rxg8+ Kxg8 34. Kh2 f5 35. Kh3 Kg7 36. f4 Kf6 37. g3 Ke7 38. g4 fxg4+ 39. Kxg4 Bxc2 40. Kh4 Be4 41. a4 Kd6 42. Rg3 Kc5 43. Rg7 Nd6 44. Rg1 d4 45. Kg3 Nc4 46. Kf2 Bc2 47. Rg7 d3 48. Rxf7 d2 49. Rd7 d1=Q 50. Rxd1 Bxd1 51. Kg3 0-1

[Event "Olympiad Women 2024"]
[Site "Budapest HUN"]
[Date "2024.09.16"]
[Round "6.50"]
[Board "4"]
[White "Alvarez Gutierrez, Patricia"]
[Black "Teweldemedhn, Mekdes Teklay"]
[Result "1-0"]
[WhiteElo "1826"]
[BlackElo "1648"]
[PlyCount "113"]
[EventDate "2024.09.11"]
[WhiteTeam "Nicaragua"]
[BlackTeam "Ethiopia"]
[WhiteTeamCountry "NCA"]
[BlackTeamCountry "ETH"]

1. d4 c5 2. d5 g6 3. c4 d6 4. Nc3 Bg7 5. e4 Qb6 ({RR} 5... Nd7 6. f4 Bxc3+ 7. bxc3 Qa5 8. Qb3 Ngf6 9. Bd3 b5 10. cxb5 a6 11. b6 Nxb6 12. Qa3 Qxa3 13. Bxa3 c4 14. Bc2 Bd7 15. Rc1 O-O 16. Nf3 Ng4 17. Kd2 f5 18. Rb1 fxe4 19. Rxb6 exf3 20. gxf3 {½-½ Brunner,N (2429)-Solodovnichenko,Y (2541) Chambery 1st 2008 (9)}) ({RR} 5... h6 6. Be3 Nf6 7. h3 O-O 8. Bd3 Bd7 9. Qc1 Kh7 10. f4 Qc8 11. Nf3 Ng8 12. O-O e5 13. fxe5 dxe5 14. g4 h5 15. Ng5+ Kh8 16. Nxf7+ Rxf7 17. Rxf7 hxg4 18. Qe1 Bf6 19. Qf2 Qd8 20. hxg4 {1-0 Vandenbergen,N (2018)-Rasche,L (1843) Mittelrhein Verbandsliga-O 15/16 2015 (8)}) 6. Bd3 $146 ({RR} 6. Qb3 Qc7 7. Bd3 Nh6 8. Bxh6 Bxh6 9. Nge2 O-O 10. O-O Nd7 11. f4 Nf6 12. Nb5 Qd8 13. e5 dxe5 14. fxe5 Ng4 15. e6 Be3+ 16. Rf2 fxe6 {0-1 Kelemen,L (1599)-Sebestyen,J (1803) Budapest FS11 FM-B 2007 (3)}) 6... Qb4 7. Qc2 Nf6 8. h3 O-O 9. Nge2 e6 10. O-O e5 11. Nb5 Qa5 12. Nxd6 a6 13. Nxc8 Rxc8 14. Bd2 Qb6 15. Rab1 Nbd7 16. Bc3 Qd6 17. b4 Qc7 18. b5 a5 19. Qb2 b6 20. f4 Re8 21. f5 Qd6 22. Rf3 Re7 23. Rbf1 Rf8 24. Bd2 h6 25. fxg6 fxg6 26. Qc1 Kh7 27. g4 g5 28. Ng3 Ref7 29. Nf5 Qb8 30. Qe1 Qd8 31. Qg3 Ng8 32. Bc3 Ne7 33. R3f2 Ng6 34. Nxg7 Rxf2 35. Rxf2 Rxf2 36. Ne6 Qf6 37. Qxf2 Qxf2+ 38. Kxf2 Nf4 39. Nxf4 gxf4 40. h4 Kg6 41. Kf3 Kf6 42. Bd2 Kg6 43. Bxf4 exf4 44. Kxf4 Kf6 45. g5+ hxg5+ 46. hxg5+ Kf7 47. e5 Ke7 48. g6 Kf8 49. Kf5 Kg7 50. e6 Nf6 51. d6 Ne8 52. Ke5 Kf8 53. d7 Ke7 54. dxe8=Q+ Kxe8 55. Kf6 Kf8 56. g7+ Kg8 57. e7 1-0

[Event "Olympiad Women 2024"]
[Site "Budapest HUN"]
[Date "2024.09.16"]
[Round "6.51"]
[Board "1"]
[White "Henderson de La Fuente, Andrea"]
[Black "Vilhete, Vania Fausto Da T."]
[Result "1/2-1/2"]
[WhiteElo "1986"]
[BlackElo "1877"]
[PlyCount "110"]
[EventDate "2024.09.11"]
[WhiteTeam "Andorra"]
[BlackTeam "Mozambique"]
[WhiteTeamCountry "AND"]
[BlackTeamCountry "MOZ"]

1. e4 c5 2. Nc3 e6 3. Nf3 Nc6 4. Bb5 Nd4 5. O-O Nxb5 6. Nxb5 a6 7. Nc3 d6 ({RR} 7... b5 8. d4 cxd4 9. Qxd4 Ne7 10. Bf4 Nc6 11. Qd3 Be7 12. Rad1 O-O 13. Bd6 Bxd6 14. Qxd6 Qe7 15. Qxe7 Nxe7 16. Rd6 f6 17. Rfd1 Kf7 18. Nd4 Ra7 19. a4 b4 20. Na2 a5 21. Nb5 Ra6 22. Nc1 {½-½ Grischuk,A (2785)-Dubov,D (2624) Moscow-ch blitz 67th 2013 (1)}) 8. d4 cxd4 9. Qxd4 Qc7 10. a4 $146 ({RR} 10. Bf4 Nf6 11. Rad1 e5 12. Nxe5 dxe5 13. Bxe5 Qe7 14. Bxf6 Qxf6 15. e5 Qe7 16. Nd5 Qd7 17. Qb6 Bd6 18. exd6 O-O 19. Nc7 Rb8 20. Qa7 Qc6 21. Qxb8 Bg4 22. Nd5 Rxb8 23. Ne7+ Kf8 24. Nxc6 bxc6 {1-0 Girdlestone,P (2100)-Matta,F (1963) BCF-chT4S 1617 (4NCL) 2016 (9.11)}) ({RR} 10. Rd1 Nf6 11. Bg5 Be7 12. e5 dxe5 13. Nxe5 O-O 14. Bf4 Qc5 15. Qd3 Rd8 16. Qxd8+ Bxd8 17. Rxd8+ Qf8 18. Rxf8+ Kxf8 19. Rd1 Ke8 20. g4 Nd7 21. g5 f6 22. Nxd7 Bxd7 23. gxf6 gxf6 24. Ne4 Bc6 {1-0 Karamsetty,J (2244)-Lopez del Alamo,A (2237) Titled Tue 28th May Late 2024 (1)}) 10... Nf6 11. Rd1 Be7 12. Be3 O-O 13. a5 Bd7 14. Qd3 Bc6 15. Bb6 Qc8 16. e5 dxe5 17. Nxe5 Nd5 18. Nxd5 exd5 19. Nxc6 bxc6 20. c4 dxc4 21. Qxc4 Bf6 22. Rd2 Re8 23. g3 Qe6 24. Qxe6 Rxe6 25. Rad1 Rae8 26. Kf1 h6 27. b3 Bc3 28. Rd8 Bb4 29. Rxe8+ Rxe8 30. Rd7 Re5 31. Rd8+ Kh7 32. Ra8 Bxa5 33. Rxa6 Re1+ 34. Kg2 Bb4 35. Ra7 f6 36. Rd7 Rb1 37. Rd3 Rb2 38. Kf3 c5 39. h4 Rc2 40. h5 c4 41. bxc4 Rxc4 42. Rd7 Rc6 43. Be3 Bc5 44. Bf4 Ra6 45. Rd2 Ra3+ 46. Kg4 Ra4 47. Kf5 Ra3 48. Ke4 Bb6 49. Bd6 Ra4+ 50. Kf5 Rd4 51. Rxd4 Bxd4 52. f3 Bc3 53. Be7 Be5 54. f4 Bc3 55. Ke6 Kg8 1/2-1/2